000 00489nam a2200193 a 4500
003 DLC
005 20210219152719.0
008 991125s1955 aus 000 0 eng u
022 _a0045-0855
035 _aUPN01000059449
245 0 0 _aAUSTRALIAN SCIENCE TEACHERS' JOURNAL
260 _aAustralia,
_bAustralian Science Teachers' Association
260 _c1955
310 _aCuatro veces al año
653 0 _aMAESTROS
653 0 _aMATEMATICA
905 _aRevista
999 _c59430
_d59430